Art and crafts /
Contributed articles published under the Cultural Survey of Bangladesh Project; translated from Bengali.
| Korporativní autor: | |
|---|---|
| Další autoři: | |
| Médium: | Kniha |
| Jazyk: | English Bengali |
| Vydáno: |
Dhaka :
Asiatic Society of Bangladesh,
2007.
|
| Edice: | Cultural survey of Bangladesh series ;
8 |
| Témata: | |
| Classic Catalogue: | View this record in Classic Catalogue |
| LEADER | 01524nam a22003614a 4500 | ||
|---|---|---|---|
| 001 | 17546 | ||
| 003 | BD-DhAAL | ||
| 005 | 20141118091237.0 | ||
| 008 | 141118s2007 bg ab b 001 0 eng | ||
| 010 | |a 2008419285 | ||
| 020 | |z 984300000965 | ||
| 040 | |a DLC |c DLC |d BD-DhAAL | ||
| 041 | 1 | |a eng |h ben | |
| 050 | 0 | 0 | |a N7310.8.B3 |b A78 2007 |
| 082 | |2 22 |a 709.095492 | ||
| 245 | 0 | 0 | |a Art and crafts / |c editor, Lala Rukh Selim. |
| 260 | |a Dhaka : |b Asiatic Society of Bangladesh, |c 2007. | ||
| 300 | |a xxiv, 655 p. : |b ill. (some col.), maps ; |c 25 cm. | ||
| 490 | 0 | |a Cultural survey of Bangladesh series ; |v 8 | |
| 504 | |a Includes bibliographical references and index. | ||
| 520 | |a Contributed articles published under the Cultural Survey of Bangladesh Project; translated from Bengali. | ||
| 541 | |e 17546 | ||
| 546 | |a Includes translations from Bengali. | ||
| 650 | 0 | |a Art, Bangladeshi. |9 6036 | |
| 650 | 0 | |a Art, Indic |z India |z Bengal. |9 6037 | |
| 650 | 0 | |a Folk art |z Bangladesh. |9 6038 | |
| 650 | 0 | |a Decorative arts |z Bangladesh. |9 6039 | |
| 700 | 1 | |a Selim, Lala Rukh. |9 6040 | |
| 710 | 2 | |a Cultural Survey of Bangladesh Project. |9 6041 | |
| 942 | |2 ddc |c BK | ||
| 999 | |c 33058 |d 33058 | ||
| 952 | |0 0 |1 0 |2 ddc |4 0 |6 709_095492000000000_ART |7 0 |9 44081 |a BRACUL |b BRACUL |c GEN |d 2014-11-18 |l 3 |m 4 |o 709.095492 ART |p 3010017546 |r 2023-06-18 |s 2023-05-15 |t 1 |w 2014-11-18 |y BK | ||
| 952 | |0 0 |1 0 |2 ddc |4 0 |6 709_095492000000000_ART |7 0 |9 55177 |a SCL |b SCL |c GEN |d 2015-08-11 |g 900.00 |l 1 |m 2 |o 709.095492 ART |p 3020008029 |r 2022-04-24 |s 2020-01-20 |t 2 |w 2015-08-11 |y BK | ||